000
00329nam a2200133 a 4500
005
20140414093843.0
008
090424s19uu xx 00 eng d
050
_a
DVD 791.43
_b
BLO 2006
100
_a
Zwick, Edward
245
_a
Blood Diamond /
_c
Edward Zwick.
650
_a
Motion pictures.
942
_c
AVM
999
_c
109444
_d
109444